000 00270nam a2200121 i 4500
001 bg
245 0 _aLingua Land /
_cpod red. T. Olechowskiej.
260 _aWarszawa,
_c1984.
040 _cBPK
041 _apol
942 _cKS
008 s pl f |000 0 pol
999 _c2417
_d2417
856 _uhttp://koha.tu.koszalin.pl/cgi-bin/koha/opac-detail.pl?biblionumber=2417
_yKatalog online BPK